000
00239nam a22000977a 4500
020
_a
9780763664503
100
_a
Jessie Haas
245
_a
Bramble and Maggie: Spooky Season /
260
_a
Somerville
_b
Candlewick Press
_c
2012.
942
_c
BK
999
_c
266093
_d
266092